Photomontage / Revised and Enlarged Edition - 203 Illustrations (Record no. 5497)
[ view plain ]
| 000 -LEADER | |
|---|---|
| fixed length control field | 01124cam a22002174a 4500 |
| 005 - ΗΜΕΡΟΜΗΝΙΑ ΚΑΙ ΩΡΑ ΤΕΛΕΥΤΑΙΑΣ ΕΝΗΜΕΡΩΣΗΣ | |
| Πεδίο ελέγχου | 20250605164213.0 |
| 008 - FIXED-LENGTH DATA ELEMENTS--GENERAL INFORMATION | |
| Πεδίο ελέγχου σταθερού μήκους | 250528s ||||||||||||||||||||||||d |
| 035 ## - SYSTEM CONTROL NUMBER | |
| System control number | 20383 |
| 020 ## - ISBN | |
| ISBN | 500202087 |
| 040 ## - ΠΗΓΗ ΚΑΤΑΛΟΓΟΓΡΑΦΗΣΗΣ | |
| Φορέας πρωτότυπης καταλογογράφησης | MC Athens Campus Library |
| Γλώσσα καταλογογράφησης | Ελληνικά, Μοντέρνα (1453-) |
| Modifying agency | MC Athens Campus Library |
| Κανόνες περιγραφικής καταλογογράφησης | AACR2 |
| 245 1# - ΤΙΤΛΟΣ ΚΑΙ ΔΗΛΩΣΗ ΥΠΕΥΘΥΝΟΤΗΤΑΣ | |
| Τίτλος | Photomontage / Revised and Enlarged Edition - 203 Illustrations |
| 260 ## - PUBLICATION, DISTRIBUTION, ETC. | |
| Date of publication, distribution, etc. | 1996 |
| 300 ## - PHYSICAL DESCRIPTION | |
| Extent | 176 |
| 505 0# - FORMATTED CONTENTS NOTE | |
| Formatted contents note | Introduction, The Supremacy of the Message, Dada in Berlin, John Heartfield, Propaganda and Publicity and Constructivism, Metropolis: The Vision of the Future, The Marvellous and the Commonplace, Photomontage and Non-Objective Art, Notes, Annotated List of Illustrations, Selected Bibliography, Index. |
| 520 ## - SUMMARY, ETC. | |
| Summary, etc. | Introduction, The Supremacy of the Message, Dada in Berlin, John Heartfield, Propaganda and Publicity and Constructivism, Metropolis: The Vision of the Future, The Marvellous and the Commonplace, Photomontage and Non-Objective Art, Notes, Annotated List of Illustrations, Selected Bibliography, Index. |
| 700 1# - ΠΡΟΣΘΕΤΗ ΑΝΑΓΡΑΦΗ--ΦΥΣΙΚΟ ΠΡΟΣΩΠΟ | |
| Personal name | Ades Dawn |
| 9 (RLIN) | 4887 |
| 700 1# - ΠΡΟΣΘΕΤΗ ΑΝΑΓΡΑΦΗ--ΦΥΣΙΚΟ ΠΡΟΣΩΠΟ | |
| Personal name | Thames And Hudson |
| 9 (RLIN) | 2417 |
| 942 ## - ADDED ENTRY ELEMENTS (KOHA) | |
| Koha item type | Books |
| Τύπος τεκμηρίου | Βιβλιοθήκη | Τρέχουσα τοποθεσία | Barcode | Αριθμός εισαγωγής | Ημερομηνία απόκτησης | Ταξιθετικό σύμβολο | Αριθμός αντιτύπου | Κατάσταση απόσυρσης | Κατάσταση χαμένου | Κατάσταση κατεστραμμένου | Μη δανεισμός | Σύνολο δανεισμών | Ημερομηνία τελευταίας εμφάνισης | Η τιμή ισχύει από |
|---|---|---|---|---|---|---|---|---|---|---|---|---|---|---|
| Books | MC Athens Campus Library | MC Athens Campus Library | 9780000054968 | 6857 | 05/06/2025 | 778.8 ADE | 1 | 05/06/2025 | 05/06/2025 |